| 000 | 00434nab a2200145Ia 4500 | ||
|---|---|---|---|
| 003 | ES-SlBCS | ||
| 005 | 20210601141903.0 | ||
| 008 | 140529s1981 xxu||||| |||| 00| 0 spa d | ||
| 041 | _aspa | ||
| 100 | 1 |
_aBroggi, Moisés _9201787 |
|
| 245 | 0 | 0 |
_aNuevos aspectos de la responsabilidad médica _c Moisés Broggi |
| 650 | 0 | 4 |
_aMedicina _914377 |
| 773 | 0 |
_tFolia Humanistica _gvol. 19, nº. 226, 1981, págs. 669-676 _wRev1220 |
|
| 942 | _cAR | ||
| 999 |
_c667988 _d667988 |
||